| 000 | 01193nam a22002057a 4500 | ||
|---|---|---|---|
| 003 | OSt | ||
| 005 | 20181126103622.0 | ||
| 008 | 180301b xxu||||| |||| 00| 0 spa d | ||
| 020 | _a9502000153 | ||
| 040 | _cPJ | ||
| 100 |
_9564 _aGarcía Belsunce, Horacio A. |
||
| 245 | 1 | 0 |
_aTemas de derecho tributario / _cHoracio A. García Belsunce. |
| 260 |
_aBuenos Aires : _bAbeledo-Perrot, _c1982. |
||
| 300 |
_a283 p. _c23 cm. |
||
| 505 | _aContenido: El derecho fiscal y su autonomía en la obra del profesor Rafael Bielsa -- La autonomía del derecho tributario frente a la legislación tributaria provincial -- Principios de imposición -- Las garantías constitucionales del contribuyente -- La interpretación de la ley tributaria -- Doble imposición internacional -- Impuestos y tasas municipales -- Estudio sobre el derecho de la patente. Su legalidad y constitucionalidad -- Contribuciones municipales sobre inmuebles de la Capital Federal. Legitimidad jurídica -- La influencia de la ley fiscal sobre los contratos -- El código aduanero . | ||
| 650 | 0 |
_9339 _aDERECHO TRIBUTARIO |
|
| 650 | 0 |
_aIMPUESTOS _9695 |
|
| 650 | 0 |
_aLEY TRIBUTARIA _93175 |
|
| 942 |
_2udc _cLIB _h336.2 _iGAR |
||
| 999 |
_c2035 _d2035 |
||